00662nam a2200217 a 450000100060000000300080000600500170001400800410003103500200007204000260009204100080011808200250012610000210015124500690017226000540024130000320029550400280032765000230035565000230037883000430040154571BD-RjUL20221031123734.0161106s1965 nyua b 000 0 eng d a(BD-RjUL) 54693 aBD-RjULbengcBD-RjUL aeng 223a547.21bBRO 19661 aBreslow, Ronald.10aOrganic reaction mechanisms :ban introduction /cRonald Breslow aNew York :bW. A. Benjamin,c1965 [Printing 1966] axii, 232 p :bill. ;c22 cm aIncludes bibliographies 0aChemical reactions 0aChemistry, Organic 4aThe Organic chemistry monograph series